LIBRARY & INFORMATION CENTRE, KCAET, TAVANUR

ONLINE PUBLIC ACCESS CATALOGUE (OPAC)

Engineering mathematics / (Record no. 9844)

MARC details
000 -LEADER
fixed length control field 00490cam a2200193ua 4500
020 ## - INTERNATIONAL STANDARD BOOK NUMBER
ISBN 0-7069-9830-8
041 ## - LANGUAGE CODE
Language code of text/sound track or separate title eng
082 ## - DEWEY DECIMAL CLASSIFICATION NUMBER
Classification number 519.062
Item number VER/EN
100 ## - MAIN ENTRY--AUTHOR NAME
Personal name Verma, P D S .
245 ## - TITLE STATEMENT
Title Engineering mathematics /
250 ## - EDITION STATEMENT
Edition statement 1 /
260 ## - PUBLICATION, DISTRIBUTION, ETC. (IMPRINT)
Place of publication New Delhi :
Name of publisher Vikas publishing house pvt ltd ,
Year of publication 1995.
300 ## - PHYSICAL DESCRIPTION
Number of Pages 256 ; .
942 ## - ADDED ENTRY ELEMENTS (KOHA)
Koha item type Books
Holdings
Withdrawn status Lost status Damaged status Home library Current library Date acquired Full call number Accession Number Koha item type
      KAUAET KAUAET 07/04/2012 519.062 VEN/EN 19196 Books
      KAUAET KAUAET 07/04/2012 519.062 VEN/EN 19197 Books
free website counter